The evolution of behavior

Guardat en:
Dades bibliogràfiques
Autor principal: Brown, Jerram L
Format: Llibre
Idioma:anglès
Publicat: New York, USA W. W. Norton 1975
Matèries:
Etiquetes: Afegir etiqueta
Sense etiquetes, Sigues el primer a etiquetar aquest registre!

MARC

LEADER 00000nam a2200000 a 4500
001 UCT5484
003 CL-VaPUC
005 20250226164858.0
008 961211e19750000US |||||||||||||||||eng|d
999 |c 254405  |d 254403 
040 |c Pontificia Universidad Católica de Valparaíso 
082 0 4 |a 591.51 BRO 1975  |2 21 
100 0 |a Brown, Jerram L  |9 374967 
245 1 4 |a The evolution of behavior 
260 0 3 |a New York, USA  |b W. W. Norton  |c 1975 
300 |a 761 páginas 
583 |a last modification  |c 19961211 00:00:00  |k Rodrigo Vera 
650 7 |a COMPORTAMIENTO ANIMAL  |2 CL-VaPUC  |9 334602 
650 7 |a ETOLOGIA  |2 CL-VaPUC  |9 269657 
650 0 |a Vida animal  |9 336213 
650 0 |a Evolución  |9 259442 
650 0 |a Genética  |9 259443 
650 0 |a Sociología   |9 255410 
650 7 |a ECOLOGIA ANIMAL  |2 CL-VaPUC  |9 374968 
942 |c BK  |2 ddc 
945 |d 19961211 00:00:00  |a paguirre 
952 |0 0  |1 0  |2 ddc  |4 0  |6 591_510000000000000_BRO_1975  |7 0  |8 A  |9 276058  |a BIBCUR  |b BIBCUR  |d 2019-11-19  |i 1797298  |o 591.51 BRO 1975  |p 1797298  |r 2025-04-22  |t 1  |w 2019-11-19  |y BK  |k BIO